Turbulence (Record no. 5373)

000 -LEADER
fixed length control field 00511nam a2200205 i 4500
001 - CONTROL NUMBER
control field 5373
003 - CONTROL NUMBER IDENTIFIER
control field BD-DhUET
008 - FIXED-LENGTH DATA ELEMENTS--GENERAL INFORMATION
fixed length control field 750220s1975 nyua b 001 0 eng
020 ## - INTERNATIONAL STANDARD BOOK NUMBER
International Standard Book Number 0070290377
040 ## - CATALOGING SOURCE
Original cataloging agency DLC
Transcribing agency DLC
Modifying agency BD-DhUET
082 00 - DEWEY DECIMAL CLASSIFICATION NUMBER
Classification number 532.56
Item number HIN/1975
100 1# - MAIN ENTRY--PERSONAL NAME
Personal name Hinze, J. O.
245 00 - TITLE STATEMENT
Title Turbulence
250 ## - EDITION STATEMENT
Edition statement 2nd ed.
260 ## - PUBLICATION, DISTRIBUTION, ETC. (IMPRINT)
Place of publication, distribution, etc. New York
Name of publisher, distributor, etc. McGraw-Hill
Date of publication, distribution, etc. 1975
300 ## - PHYSICAL DESCRIPTION
Extent x,790p.
Other physical details ill.
Dimensions 24 cm.
490 0# - SERIES STATEMENT
Series statement McGraw-Hill series in mechanical engineering
650 #0 - SUBJECT ADDED ENTRY--TOPICAL TERM
Topical term or geographic name as entry element Turbulence
942 ## - ADDED ENTRY ELEMENTS (KOHA)
Koha item type General Book
Holdings
Piece designation (barcode) Not for loan Koha date last seen Koha date last borrowed Koha item type Koha normalized classification for sorting Shelving location Koha issues (times borrowed) Withdrawn status Price effective from Koha full call number Lost status Damaged status Date acquired Sublocation or collection (holding branch) Source of classification or shelving scheme Location (home branch) Copy number
63813 2014-11-26 General Book532_560000000000000_HIN_1975Circulation section  2014-11-26532.56/HIN/1975  2014-11-26Central Library, BUET Central Library, BUET1
63816 2014-11-26 General Book532_560000000000000_HIN_1975Circulation section  2014-11-26532.56/HIN/1975  2014-11-26Central Library, BUET Central Library, BUET2
44334 2014-12-07 General Book532_560000000000000_HIN_1975Circulation section  2014-12-07532.56/HIN/1975  2014-12-07Central Library, BUET Central Library, BUET3
63807 2014-12-07 General Book532_560000000000000_HIN_1975Circulation section  2014-12-07532.56/HIN/1975  2014-12-07Central Library, BUET Central Library, BUET4
63812 2015-03-292015-03-25General Book532_560000000000000_HIN_1975Circulation section1 2014-12-07532.56/HIN/1975  2014-12-07Central Library, BUET Central Library, BUET5
63805 2014-12-07 General Book532_560000000000000_HIN_1975Circulation section  2014-12-07532.56/HIN/1975  2014-12-07Central Library, BUET Central Library, BUET6
63810 2014-12-07 General Book532_560000000000000_HIN_1975Circulation section  2014-12-07532.56/HIN/1975  2014-12-07Central Library, BUET Central Library, BUET7
63808 2014-12-07 General Book532_560000000000000_HIN_1975Circulation section  2014-12-07532.56/HIN/1975  2014-12-07Central Library, BUET Central Library, BUET8
63809 2014-12-07 General Book532_560000000000000_HIN_1975Circulation section  2014-12-07532.56/HIN/1975  2014-12-07Central Library, BUET Central Library, BUET9
63806 2023-02-282022-11-14General Book532_560000000000000_HIN_1975Circulation section1 2014-12-07532.56/HIN/1975  2014-12-07Central Library, BUET Central Library, BUET10
63815 2015-09-142015-05-26General Book532_560000000000000_HIN_1975Circulation section1 2014-12-07532.56/HIN/1975  2014-12-07Central Library, BUET Central Library, BUET11
39158 2015-03-09 General Book532_560000000000000_HIN_1975Circulation section  2015-03-09532.56/HIN/1975  2015-03-09Central Library, BUET Central Library, BUET12
58968 2015-06-07 Reading Item532_560000000000000_HIN_1975Reading section  2015-06-07532.56/HIN/1975  2015-06-07Central Library, BUET Central Library, BUET13
60653 2015-06-07 Reading Item532_560000000000000_HIN_1975Reading section  2015-06-07532.56/HIN/1975  2015-06-07Central Library, BUET Central Library, BUET14
52729 2015-06-23 Reading Item532_560000000000000_HIN_1975Reading section  2015-06-23532.56/HIN/1975  2015-06-23Central Library, BUET Central Library, BUET15
63811 2024-11-272024-11-27General Book532_560000000000000_HIN_1975Circulation section1 2024-11-16532.56 HIN/1975  1985-06-29Central Library, BUET Central Library, BUET16
  2024-11-16 General Book532_560000000000000_HIN_1975   2024-11-16532.56 HIN/1975  2024-11-16Central Library, BUET Central Library, BUET 
39159 2024-11-16 General Book532_560000000000000_HIN_1975Circulation section  2024-11-16532.56 HIN/1975  2025-09-03Central Library, BUET Central Library, BUET18